[Event "Catalunya-chT Gp2 final"]
[Site "Barcelona"]
[Date "2016.03.12"]
[Round "1.3"]
[White "Martin Capitan, Feliciano"]
[Black "Fuertes Buisac, Bernat"]
[Result "1-0"]
[WhiteElo "2114"]
[BlackElo "1842"]
[PlyCount "51"]
[EventDate "2016.03.12"]
[EventType "team-tourn"]
[EventRounds "4"]
[EventCountry "ESP"]
[SourceTitle "EXT 2017"]
[Source "ChessBase"]
[SourceDate "2016.10.25"]
[SourceVersion "1"]
[SourceVersionDate "2016.10.25"]
[SourceQuality "1"]
[WhiteTeam "Barbera"]
[BlackTeam "Barcelona Unio Graciencia"]
[WhiteTeamCountry "ESP"]
[BlackTeamCountry "ESP"]

1. e4 c5 2. c4 g6 3. Nc3 Nc6 4. g3 Bg7 5. Bg2 e5 6. Nge2 Nge7 7. 0-0 0-0 8. d3 d6 9. Be3 Nd4 10. Qd2 a6 11. Bh6 Rb8 12. Bxg7 Kxg7 13. f4 f5 14. Nxd4 cxd4 15. Nd5 Be6 16. Rae1 fxe4 17. dxe4 b5 18. fxe5 Rxf1+ 19. Rxf1 dxe5 20. Qf2 Nc6 21. cxb5 Rxb5 22. Bh3 Bg8 23. Bd7 Rc5 24. Nf6 Bc4 25. Ne8+ Kh6 26. Qf8+ 1-0

[Event "Catalunya-chT Gp1"]
[Site "Barcelona"]
[Date "2016.02.27"]
[Round "6.3"]
[White "Fuertes Buisac, Bernat"]
[Black "Colls Gelaberto, Emilio"]
[Result "0-1"]
[WhiteElo "1842"]
[BlackElo "2108"]
[PlyCount "42"]
[EventDate "2016.01.23"]
[EventType "team-tourn"]
[EventRounds "7"]
[EventCountry "ESP"]
[SourceTitle "EXT 2017"]
[Source "ChessBase"]
[SourceDate "2016.10.25"]
[SourceVersion "1"]
[SourceVersionDate "2016.10.25"]
[SourceQuality "1"]
[WhiteTeam "Barcelona Unio Graciencia"]
[BlackTeam "Figueres"]
[WhiteTeamCountry "ESP"]
[BlackTeamCountry "ESP"]

1. c4 c5 2. g3 Nf6 3. Bg2 d5 4. cxd5 Nxd5 5. Nf3 Nc6 6. Nc3 Nc7 7. 0-0 e5 8. d3 Be7 9. Be3 Be6 10. Ne4 b6 11. Qa4 Qd7 12. Nc3 Rb8 13. Ng5 Nd4 14. Nxe6 Ncxe6 15. Qxd7+ Kxd7 16. Rfc1 Rhd8 17. Kf1 f5 18. Nd5 g5 19. b4 cxb4 20. Bxd4 exd4 21. Rc4 b3 0-1

[Event "Catalunya-chT GpB final"]
[Site "Barcelona"]
[Date "2015.04.11"]
[Round "10.3"]
[White "Molina Wheatley, Emilio"]
[Black "Fuertes Buisac, Bernat"]
[Result "1/2-1/2"]
[WhiteElo "1388"]
[BlackElo "1855"]
[PlyCount "71"]
[EventDate "2015.03.14"]
[EventType "team-tourn"]
[EventRounds "11"]
[EventCountry "ESP"]
[SourceTitle "EXT 2016"]
[Source "ChessBase"]
[SourceDate "2015.10.08"]
[SourceVersion "1"]
[SourceVersionDate "2015.10.08"]
[SourceQuality "1"]
[WhiteTeam "Sitges"]
[BlackTeam "Catalunya"]
[WhiteTeamCountry "ESP"]
[BlackTeamCountry "ESP"]

1. e4 c5 2. Nf3 g6 3. d4 cxd4 4. Nxd4 Nc6 5. Be3 Nf6 6. Nc3 Bg7 7. Bc4 Qa5 8. 0-0 0-0 9. Bb3 d6 10. Nd5 Qd8 11. Nxf6+ Bxf6 12. Nxc6 bxc6 13. Bd4 Bxd4 14. Qxd4 Qb6 15. Rfd1 Rb8 16. Qxb6 Rxb6 17. Rd2 a5 18. c3 Be6 19. Bxe6 fxe6 20. Kf1 Rfb8 21. b3 c5 22. Rb1 a4 23. Rdb2 d5 24. e5 d4 25. cxd4 cxd4 26. Rd1 axb3 27. Rxb3 Rxb3 28. axb3 Rxb3 29. Rxd4 Rb2 30. h3 Kf7 31. f4 h6 32. Re4 g5 33. fxg5 hxg5 34. Re2 Rb5 35. Kf2 Kg6 36. g4 1/2-1/2

[Event "Catalunya-chT Gp1"]
[Site "Barcelona"]
[Date "2015.03.07"]
[Round "7.2"]
[White "Clopes Llahi, Judit"]
[Black "Fuertes Buisac, Bernat"]
[Result "1/2-1/2"]
[WhiteElo "2113"]
[BlackElo "1855"]
[PlyCount "112"]
[EventDate "2015.01.24"]
[EventType "team-tourn"]
[EventRounds "7"]
[EventCountry "ESP"]
[SourceTitle "EXT 2016"]
[Source "ChessBase"]
[SourceDate "2015.10.08"]
[SourceVersion "1"]
[SourceVersionDate "2015.10.08"]
[SourceQuality "1"]
[WhiteTeam "Tres Peons"]
[BlackTeam "Catalunya"]
[WhiteTeamCountry "ESP"]
[BlackTeamCountry "ESP"]

1. e4 c5 2. Nf3 g6 3. g3 Bg7 4. Bg2 e6 5. 0-0 Ne7 6. c3 0-0 7. Qe2 Nbc6 8. Rd1 d5 9. d3 d4 10. e5 Qc7 11. Re1 Rb8 12. c4 a6 13. b3 b5 14. Nbd2 bxc4 15. Nxc4 Nd5 16. Bd2 a5 17. Nb2 Ncb4 18. Rec1 Ba6 19. a3 Nxd3 20. Nxd3 Rxb3 21. Nfe1 Qa7 22. Qe4 c4 23. Nf4 c3 24. Rd1 cxd2 25. Rxd2 Nxf4 26. Qxf4 Qb8 27. Nf3 Rb1+ 28. Rd1 Rxa1 29. Rxa1 Qb2 30. Rd1 Be2 31. Qc1 Qxc1 32. Rxc1 Bxf3 33. Bxf3 Bxe5 34. Rc5 Bf6 35. Rxa5 d3 36. Kf1 Rd8 37. Ra8 d2 38. Rxd8+ Bxd8 39. Ke2 Ba5 40. Kd3 Kf8 41. Bd1 Ke7 42. Kc4 Bb6 43. f3 Kd6 44. a4 f5 45. h3 e5 46. Kd3 Ba5 47. g4 h6 48. Be2 Kd5 49. Bd1 e4+ 50. fxe4+ fxe4+ 51. Ke3 Bb4 52. h4 g5 53. hxg5 hxg5 54. Bb3+ Ke5 55. Bd1 Bc3 56. Bc2 Bb4 1/2-1/2

[Event "Barcelona Sant Marti op-B 16th"]
[Site "Barcelona"]
[Date "2014.07.21"]
[Round "9"]
[White "Baltasar Diaz, Vicente"]
[Black "Fuertes Buisac, Bernat"]
[Result "0-1"]
[WhiteElo "1932"]
[BlackElo "2082"]
[PlyCount "80"]
[EventDate "2014.07.13"]
[EventType "swiss"]
[EventRounds "9"]
[EventCountry "ESP"]
[SourceTitle "CBM 161 Extra"]
[Source "ChessBase"]
[SourceDate "2014.08.29"]
[SourceVersion "1"]
[SourceVersionDate "2014.08.29"]
[SourceQuality "1"]

1. e4 c5 2. Nf3 g6 3. d4 cxd4 4. Nxd4 Nc6 5. Nc3 Bg7 6. Be3 Nf6 7. Bc4 Qa5 8. f3 Qb4 9. Bb3 Nxe4 10. Nxc6 Bxc3+ 11. bxc3 Qxc3+ 12. Ke2 dxc6 13. Bd4 e5 14. Bxc3 Nxc3+ 15. Kf2 Nxd1+ 16. Raxd1 0-0 17. Rhe1 Re8 18. Re3 Kg7 19. Rde1 f6 20. f4 Bd7 21. fxe5 Rxe5 22. Rxe5 fxe5 23. Rxe5 Re8 24. Rxe8 Bxe8 25. Ke3 Bf7 26. Kd4 Bxb3 27. cxb3 Kf6 28. Kc5 Ke6 29. b4 Kd7 30. a4 b6+ 31. Kc4 Ke6 32. Kd4 Kf5 33. a5 h5 34. a6 Ke6 35. g3 Kd6 36. h3 g5 37. Kc4 c5 38. bxc5+ bxc5 39. Kd3 Kc6 40. Kc3 Kb5 0-1

[Event "Barcelona Sant Marti op-B 16th"]
[Site "Barcelona"]
[Date "2014.07.17"]
[Round "5"]
[White "Ferres Saez, Joan"]
[Black "Fuertes Buisac, Bernat"]
[Result "0-1"]
[WhiteElo "1965"]
[BlackElo "2082"]
[PlyCount "70"]
[EventDate "2014.07.13"]
[EventType "swiss"]
[EventRounds "9"]
[EventCountry "ESP"]
[SourceTitle "CBM 161 Extra"]
[Source "ChessBase"]
[SourceDate "2014.08.29"]
[SourceVersion "1"]
[SourceVersionDate "2014.08.29"]
[SourceQuality "1"]

1. e4 c5 2. Nc3 g6 3. f4 Bg7 4. Nf3 Nc6 5. Bb5 Nd4 6. 0-0 a6 7. Bc4 e6 8. d3 Ne7 9. Bb3 0-0 10. Nxd4 cxd4 11. Ne2 d5 12. Ng3 dxe4 13. dxe4 b5 14. Qg4 a5 15. a4 b4 16. Bc4 Ba6 17. Bd3 Qb6 18. f5 exf5 19. exf5 Bxd3 20. cxd3 Nd5 21. Qh3 Ne3 22. Rf3 g5 23. Bxe3 dxe3 24. Kh1 Bxb2 25. Re1 Rfe8 26. Ne4 Rxe4 27. dxe4 Bd4 28. f6 Bxf6 29. Qf5 Ra6 30. Rfxe3 Bc3 31. Qxg5+ Qg6 32. Qd8+ Kg7 33. Rd1 Be5 34. Rf1 Qh6 35. Ref3 Qxh2# 0-1

[Event "Foment Martinenc op-B 16th"]
[Site "Barcelona"]
[Date "2014.05.03"]
[Round "2"]
[White "Fuertes Buisac, Bernat"]
[Black "Mendez Garcia, Juan Ignacio"]
[Result "1-0"]
[WhiteElo "2080"]
[BlackElo "1949"]
[PlyCount "85"]
[EventDate "2014.04.26"]
[EventType "swiss"]
[EventRounds "9"]
[EventCountry "ESP"]
[SourceTitle "EXT 2015"]
[Source "ChessBase"]
[SourceDate "2014.11.20"]
[SourceVersion "1"]
[SourceVersionDate "2014.11.20"]
[SourceQuality "1"]

1. d4 Nf6 2. c4 b6 3. Nc3 Bb7 4. Nf3 g6 5. Bg5 Bg7 6. Qd2 0-0 7. Bh6 d5 8. Bxg7 Kxg7 9. e3 dxc4 10. Bxc4 Ne4 11. Qc2 Nd6 12. Bd3 Nd7 13. 0-0 Bxf3 14. gxf3 e5 15. Ne2 c5 16. Kh1 c4 17. Be4 Nxe4 18. Qxe4 Qc7 19. Rac1 Rac8 20. f4 exd4 21. Qxd4+ Kg8 22. Nc3 Rfe8 23. Rfd1 Qc6+ 24. Qd5 Nf6 25. Qxc6 Rxc6 26. Rd4 a6 27. a4 Ng4 28. Kg2 Nh6 29. e4 f6 30. Rcd1 Nf7 31. Rd7 Rcc8 32. Nd5 Kg7 33. Nxb6 Rc6 34. Rb7 Kg8 35. Nd5 Kf8 36. Nb4 Rce6 37. Rdd7 Nd6 38. Ra7 Rb8 39. Nxa6 Rxb2 40. Rxh7 Kg8 41. Rag7+ Kf8 42. Nc5 Re8 43. Nd7# 1-0

[Event "Foment Martinenc op-B 16th"]
[Site "Barcelona"]
[Date "2014.04.26"]
[Round "1"]
[White "Rosell Hornero, Alejandro"]
[Black "Fuertes Buisac, Bernat"]
[Result "0-1"]
[WhiteElo "1895"]
[BlackElo "2080"]
[PlyCount "92"]
[EventDate "2014.04.26"]
[EventType "swiss"]
[EventRounds "9"]
[EventCountry "ESP"]
[SourceTitle "EXT 2015"]
[Source "ChessBase"]
[SourceDate "2014.11.20"]
[SourceVersion "1"]
[SourceVersionDate "2014.11.20"]
[SourceQuality "1"]

1. c4 Nf6 2. g3 g6 3. Bg2 Bg7 4. Nc3 0-0 5. e4 d6 6. Nf3 c5 7. d4 cxd4 8. Nxd4 Nc6 9. Nxc6 bxc6 10. 0-0 Bg4 11. Qd3 Qc7 12. h3 Be6 13. Bf4 Nd7 14. Rac1 Ne5 15. Bxe5 Bxe5 16. b3 f5 17. f4 Bg7 18. Qe3 Qb6 19. Qxb6 axb6 20. exf5 Bxf5 21. g4 Bd7 22. a4 Rae8 23. Ne4 Bd4+ 24. Kh2 Be3 25. Rc2 Bxf4+ 26. Kh1 Be5 27. Rcf2 Rxf2 28. Rxf2 Rf8 29. Rxf8+ Kxf8 30. Bf3 e6 31. Kg2 d5 32. cxd5 cxd5 33. Nf2 Ke7 34. Nd3 Kd6 35. Kf1 Bd4 36. Ke1 e5 37. Bd1 e4 38. Nc1 Ke5 39. Ne2 Be3 40. Kf1 d4 41. Kg2 d3 42. Nc3 Kd4 43. Nb1 Bc1 44. Kf1 e3 45. Ke1 Be6 46. b4 Ba2 0-1

[Event "Barcelona Sant Marti op-B 15th"]
[Site "Barcelona"]
[Date "2013.07.20"]
[Round "8"]
[White "Catala Morales, Joaquim"]
[Black "Fuertes Buisac, Bernat"]
[Result "0-1"]
[WhiteElo "1413"]
[BlackElo "1686"]
[PlyCount "52"]
[EventDate "2013.07.13"]
[EventType "swiss"]
[EventRounds "9"]
[EventCountry "ESP"]
[SourceTitle "CBM 155 Extra"]
[Source "ChessBase"]
[SourceDate "2013.08.26"]
[SourceVersion "1"]
[SourceVersionDate "2013.08.26"]
[SourceQuality "1"]

1. e4 c5 2. Nf3 Nc6 3. d4 cxd4 4. Nxd4 g6 5. Nc3 Bg7 6. Be3 Nf6 7. f3 0-0 8. Qd2 d5 9. Nxc6 bxc6 10. 0-0-0 Be6 11. e5 Nd7 12. f4 Qa5 13. Bd4 c5 14. Bxc5 Nxc5 15. a3 Rfd8 16. Be2 d4 17. Nb1 Qxd2+ 18. Nxd2 d3 19. Bf3 dxc2 20. Rde1 Nd3+ 21. Kxc2 Nxe1+ 22. Rxe1 Rac8+ 23. Kd1 Bb3+ 24. Ke2 Rc2 25. Rd1 Rxb2 26. h4 Bxd1+ 0-1

[Event "Barcelona Sant Marti op-B 15th"]
[Site "Barcelona"]
[Date "2013.07.19"]
[Round "7"]
[White "Fuertes Buisac, Bernat"]
[Black "Vigier Lopez, Carlos"]
[Result "0-1"]
[WhiteElo "1686"]
[BlackElo "1830"]
[PlyCount "60"]
[EventDate "2013.07.13"]
[EventType "swiss"]
[EventRounds "9"]
[EventCountry "ESP"]
[SourceTitle "CBM 155 Extra"]
[Source "ChessBase"]
[SourceDate "2013.08.26"]
[SourceVersion "1"]
[SourceVersionDate "2013.08.26"]
[SourceQuality "1"]

1. d4 Nf6 2. c4 e6 3. Nf3 d5 4. cxd5 exd5 5. Nc3 Be7 6. Bg5 0-0 7. e3 Bg4 8. Qb3 Nbd7 9. Bd3 Nb6 10. h3 Bh5 11. Ne5 Bg6 12. Nxg6 fxg6 13. 0-0 Kh8 14. a4 Ne4 15. Bxe7 Qxe7 16. Rae1 Nd2 17. Qc2 Nxf1 18. Rxf1 c6 19. a5 Nc8 20. a6 bxa6 21. Bxa6 Nb6 22. Na4 Nxa4 23. Qxa4 c5 24. dxc5 Qxc5 25. Rd1 Rab8 26. b3 Qc2 27. Rf1 Rxb3 28. Qd4 Qc6 29. Qxa7 Ra8 30. Bb7 Qxb7 0-1

[Event "Barcelona Sant Marti op-B 15th"]
[Site "Barcelona"]
[Date "2013.07.17"]
[Round "5"]
[White "Fuertes Buisac, Bernat"]
[Black "Liarte Genoves, Sergi"]
[Result "1/2-1/2"]
[WhiteElo "1686"]
[BlackElo "1880"]
[PlyCount "80"]
[EventDate "2013.07.13"]
[EventType "swiss"]
[EventRounds "9"]
[EventCountry "ESP"]
[SourceTitle "CBM 155 Extra"]
[Source "ChessBase"]
[SourceDate "2013.08.26"]
[SourceVersion "1"]
[SourceVersionDate "2013.08.26"]
[SourceQuality "1"]

1. d4 Nf6 2. Nf3 d5 3. c4 c6 4. Nc3 Bf5 5. cxd5 cxd5 6. Qb3 Qb6 7. Nxd5 Qxb3 8. Nxf6+ exf6 9. axb3 Be6 10. Bd2 Bxb3 11. e3 Bd6 12. Bb5+ Nc6 13. Ke2 0-0 14. Rhc1 Bd5 15. Bc4 Be4 16. Bd3 f5 17. Ra4 a6 18. Rca1 Rac8 19. Rc1 Rfe8 20. Ng5 Bxd3+ 21. Kxd3 h6 22. Nf3 Red8 23. Rac4 Ra8 24. Ke2 a5 25. Ne1 Re8 26. Nd3 f4 27. d5 fxe3 28. dxc6 exd2+ 29. Kxd2 bxc6 30. Rxc6 Rad8 31. Kc3 Be7 32. Kc2 Bf6 33. Re1 Rxe1 34. Nxe1 Re8 35. Nd3 Ra8 36. b3 Ra7 37. Nc5 Bd4 38. f3 Bxc5 39. Rxc5 a4 40. bxa4 Rxa4 1/2-1/2

[Event "Barcelona Sant Marti op-B 15th"]
[Site "Barcelona"]
[Date "2013.07.14"]
[Round "2"]
[White "Martin Palau, Roger"]
[Black "Fuertes Buisac, Bernat"]
[Result "0-1"]
[WhiteElo "1492"]
[BlackElo "1686"]
[PlyCount "64"]
[EventDate "2013.07.13"]
[EventType "swiss"]
[EventRounds "9"]
[EventCountry "ESP"]
[SourceTitle "CBM 155 Extra"]
[Source "ChessBase"]
[SourceDate "2013.08.26"]
[SourceVersion "1"]
[SourceVersionDate "2013.08.26"]
[SourceQuality "1"]

1. d4 Nf6 2. c4 c5 3. Nf3 cxd4 4. Nxd4 Nc6 5. Nc3 g6 6. e4 Bg7 7. Be3 Ng4 8. Qxg4 Nxd4 9. Bd3 d5 10. Qd1 dxe4 11. Bxe4 0-0 12. Bd5 Nf5 13. Qb3 Nxe3 14. fxe3 e6 15. Be4 Bxc3+ 16. Qxc3 Qh4+ 17. Ke2 Qxe4 18. Rag1 Qg4+ 19. Kd2 Rd8+ 20. Kc1 Bd7 21. h4 Rac8 22. b3 h5 23. Rh3 b5 24. c5 b4 25. Qd4 Qxd4 26. exd4 e5 27. Rd3 Bf5 28. Rd2 exd4 29. Re1 Rxc5+ 30. Kb2 d3 31. Re7 Rc2+ 32. Rxc2 dxc2 0-1